| 000 | 01544cam a2200325 i 4500 | ||
|---|---|---|---|
| 001 | 17691937 | ||
| 005 | 20220811095300.0 | ||
| 008 | 130410t20132013flua 001 0 eng | ||
| 010 | _a 2013010898 | ||
| 020 | _a9788131521762 | ||
| 040 |
_aDLC _beng _cDLC _erda _dDLC |
||
| 042 | _apcc | ||
| 050 | 0 | 0 |
_aHD30.2 _b.C4727 2013 |
| 082 | 0 | 0 |
_a004.684,CHE _223 |
| 100 | 1 |
_aChemuturi, Murali, _d1950- _93648 |
|
| 245 | 1 | 0 |
_aMastering IT project management : _bbest practices, tools, and techniques / _cMurali Chemuturi. |
| 264 | 1 |
_aPlantation, FL : _bJ. Ross Publishing, _c[2013] |
|
| 264 | 4 | _c©201.3 | |
| 300 |
_axiii, 365 pages : _billustrations ; _c24 cm |
||
| 336 |
_atext _2rdacontent |
||
| 337 |
_aunmediated _2rdamedia |
||
| 338 |
_avolume _2rdacarrier |
||
| 500 | _aIncludes index. | ||
| 505 | 0 | _aIntroduction to IT project management (Page-1), Approaches to IT project management (Page-27), Feasibility study and project acquisition (Page-41), Sizing of IT components (Page-69), Planning in IT project management (Page-87), Project execution (Page-109), Project control in IT project management (Page-147), Cash management (Page-167), Quality assurance in IT project management (Page-173), Project closure (Page-199), Pitfalls and best practices in project management (Page-211). | |
| 650 | 0 |
_aInformation technology _xManagement. |
|
| 650 | 0 | _aProject management. | |
| 906 |
_a7 _bcbc _corignew _d1 _eecip _f20 _gy-gencatlg |
||
| 942 |
_2ddc _cBK _k004.684,CHE |
||
| 999 |
_c590878 _d590878 |
||